Normal view
MARC view
- Epps,R.J
Entry Personal Name
001 - CONTROL NUMBER
- control field: 645
003 - CONTROL NUMBER IDENTIFIER
- control field: OSt
005 - DATE AND TIME OF LATEST TRANSACTION
- control field: 20160628125346.0
008 - FIXED-LENGTH DATA ELEMENTS
- fixed length control field: 160628|| aca||aabn | a|a d
040 ## - CATALOGING SOURCE
- Original cataloging agency: OSt
- Transcribing agency: OSt
100 ## - HEADING--PERSONAL NAME
- Personal name: Epps,R.J
670 ## - SOURCE DATA FOUND
- Source citation: Work cat.: (OSt): Head,K.H 644, Manual of Soil Laboratory Testing Vol-2: Permeability,Shear Strength and Compressibility tests, 2011
